Maiores Artilheiros da Copa do Mundo - Statistics

Estatísticas Gerais
  • Esse quiz foi jogado 167 vezes
  • A pontuação média é 5 de 10
Estatísticas das Respostas
País
de gols
Jogador % Correto
Alemanha 16 Miroslav Klose
95%
Brasil 12 Pelé
92%
Alemanha 14 Gerd Müller
89%
Brasil 15 Ronaldo Nazário
86%
França 13 Just Fontaine
43%
Argentina 10 Gabriel Batistuta
32%
Inglaterra 10 Gary Lineker
17%
Hungria 11 Sándor Kocsis
17%
Alemanha 11 Jürgen Klinsmann
11%
Alemanha 10 Helmut Rahn
4%
Nenhum quiz correspondente encontrado
Distribuição das Pontuações
Porcentagem de Pessoas com Cada Pontuação
Percentil de Números Respondidos
Sua Pontuação Histórica
Você não jogou esse quiz